|
|
|
|
| LEADER |
00000caa a22000002c 4500 |
| 001 |
1660474140 |
| 003 |
DE-627 |
| 005 |
20220825122122.0 |
| 007 |
tu |
| 008 |
030507s2003 xx ||||| 00| ||ger c |
| 035 |
|
|
|a (DE-627)1660474140
|
| 035 |
|
|
|a (DE-576)104553367
|
| 035 |
|
|
|a (DE-599)BSZ104553367
|
| 040 |
|
|
|a DE-627
|b ger
|c DE-627
|e rakwb
|
| 041 |
|
|
|a ger
|
| 084 |
|
|
|a 2,1
|2 ssgn
|
| 100 |
1 |
|
|a Kölbel, Ralf
|d 1968-
|0 (DE-588)115300112
|0 (DE-627)506770648
|0 (DE-576)177076909
|4 aut
|
| 109 |
|
|
|a Kölbel, Ralf 1968-
|a Kölbel, R. 1968-
|
| 245 |
1 |
0 |
|a Geständnisverwertung bei missglückter Absprache
|c Ralf Kölbel
|
| 264 |
|
1 |
|c 2003
|
| 300 |
|
|
|a H. 5, S. 232 - 237
|
| 336 |
|
|
|a Text
|b txt
|2 rdacontent
|
| 337 |
|
|
|a ohne Hilfsmittel zu benutzen
|b n
|2 rdamedia
|
| 338 |
|
|
|a Band
|b nc
|2 rdacarrier
|
| 773 |
0 |
8 |
|i In
|t Neue Zeitschrift für Strafrecht
|d München : Beck, 1981
|g 23(2003), 5, Seite 232 - 237
|w (DE-627)129335096
|w (DE-600)138241-X
|w (DE-576)014611473
|x 0720-1753
|7 nnas
|
| 773 |
1 |
8 |
|g volume:23
|g year:2003
|g number:5
|g pages:232 - 237
|
| 951 |
|
|
|a AR
|
| ELC |
|
|
|b 1
|
| ORI |
|
|
|a SA-MARC-krimdok_oa001.raw
|